কার্ল মার্কস /

Dades bibliogràfiques
Autor principal: জামান, মনির
Format: Llibre
Idioma:Bengali
Publicat: ঢাকা : কথাপ্রকাশ, ২০১৩ [নবম মূদ্রর্ণ ২০২৪].
Matèries:
Classic Catalogue: View this record in Classic Catalogue
LEADER 01941nam a22003137a 4500
001 44882
003 BD-DhAAL
005 20251005161723.0
008 250924r20242013bg ||||| b||| 00| 0bben d
020 |a 9847012002745 
040 |a BD-DhAAL  |c BD-DhAAL 
041 |a ben 
082 |a 335.40924  |2 22 
100 |a জামান, মনির.  |9 19671 
245 |a কার্ল মার্কস /  |c মনির জামান. 
246 |a Karl Marx 
246 |a Biography of Karl Marx 
260 |a ঢাকা :  |b কথাপ্রকাশ,  |c ২০১৩ [নবম মূদ্রর্ণ ২০২৪]. 
300 |a ৭২ পৃষ্ঠা ;  |c ২২ সে. মি. 
504 |a গ্রন্থপঞ্জিগত নির্দেশিকা অন্তভূক্ত 
526 |a RS (GenEd)  |x Tahseen H. Ali, PhD Assistant Professor and Assistant Dean, RS School of General Education BRAC University Course Name : Emergence of Bangladesh (EMB 101)  
541 |a Hye Trade International  |e 44881, 44882 
600 |a Marx, Karl,  |d 1818-1883. 
655 |a Biographies. 
852 |a Ayesha Abed Library 
942 |c BK  |2 ddc 
999 |c 47573  |d 47573 
952 |0 0  |1 0  |2 ddc  |4 0  |6 335_409240000000000_MON  |7 0  |9 78285  |a SCL  |b SCL  |c GEN  |d 2025-09-23  |e Hye Trade International  |g 116.00  |l 1  |o 335.40924 MON  |p 3020044881  |r 2026-05-09  |s 2026-04-13  |t 1  |v 232.00  |w 2025-09-23  |y BK  |x Requisitioned by Tahseen H. Ali, PhD (Assistant Professor and Assistant Dean, RS School of General Education, BRAC University) for the course named- "Emergence of Bangladesh (EMB 101)" 
952 |0 0  |1 0  |2 ddc  |4 0  |6 335_409240000000000_MON  |7 0  |9 78286  |a SCL  |b SCL  |c GEN  |d 2025-09-23  |e Hye Trade International  |g 116.00  |l 0  |o 335.40924 MON  |p 3020044882  |r 2026-05-07  |t 2  |v 232.00  |w 2025-09-23  |y BK  |x Requisitioned by Tahseen H. Ali, PhD (Assistant Professor and Assistant Dean, RS School of General Education, BRAC University) for the course named- "Emergence of Bangladesh (EMB 101)"